000 00461nam a2200181Ia 4500
999 _c12069
_d12069
003 GCL
005 20240530095921.0
008 140319s9999 xx 000 0 eng d
040 _aGCL /
_cGCL
082 0 4 _a704.32
_bD A
100 1 _aDONADONI, SERGIO
245 1 0 _aL'ART EGYPTIEN /
_cDONADONI, SERGIO
260 _a[S.N] :
_bLA POCHOTHEQUE ،
_c1993
300 _a670 P
650 0 4 _aART - EGYPT
650 0 4 _aANCIENT EGYPTIAN LANGUAGE
942 _2ddc
_cBK